000 00842cad a22002295a 4500
001 E154938
008 120206e20120202xxka f s000 0 eng d
035 _a(Sirsi) u154938
041 0 _aeng
100 1 _aHarvie-Clark, Sarah
245 0 0 _aLong Leases (Scotland) Bill
_h[electronic resource]
260 _aEdinburgh
_bScottish Parliament
_c2012
490 0 _aSPICe Briefing
_v(12/11) 2 February 2012
520 _aExplains the background to the Long Leases (Scotland) Bill, and discusses its provisions.
521 _aAdvanced
590 _aKA
650 2 4 _aLONG LEASES (SCOTLAND) BILL
651 4 _aScotland
_y1999-
690 _aLandlord and tenant
_96252
856 4 0 _uhttps://www.scottish.parliament.uk/ResearchBriefingsAndFactsheets/S4/SB_12-11.pdf
_zView the briefing free of charge at www.scottish.parliament.uk
942 _n0
999 _c113248
_d113248